00788nam a22002057a 4500003000900000008004100009040007100050082002000121100002800141245006600169260004900235300003000284505010500314650003200419650002300451650001900474650002700493650003400520710002800554AR-CdUCM190320b ||||| |||| 00| 0 spa d aMUNICIPALIDAD PROVINCIAL DEL CUSCOcBIBLIOTECA MUNICIPAL DEL CUSCO a869.56 / bP44C aPérez Ocampo, Gustavo aEl Cusco : b2 etapas, 2 visiones, 2 estilos, una vivencia /  aCusco : bMunicipalidad del Qosqo, c[1994]. a57 páginas ; c27.5 cm. aContenido: Definición del Cusco (1958) -- Cusco: la fundación sentimental (1994) -- Poesía ... aPoesía peruana - Siglo XX aPoetas cusqueños aPoemas - Cusco aCusco en la literatura aGustavo Perez Ocampo - Poemas aMunicipalidad del Qosqo